| 000 | 00304nam a22001217a 4500 | ||
|---|---|---|---|
| 082 |
_a621.313 _bELE _cL-10, P-4 |
||
| 100 |
_aMolloy, E. _941373 |
||
| 245 |
_aElectrical installations _cE. Molloy |
||
| 300 | _a495p. | ||
| 526 |
_a0 _b0 _c0 _d621_313000000000000_ELE |
||
| 650 |
_aMCE _9379 |
||
| 942 |
_2ddc _cBK |
||
| 999 |
_c545514 _d545514 |
||